Statistics for Alton Towers Complete Ride Quiz (1980-2022)

Click here to take the quiz!

General Stats

  • This quiz has been taken 61 times
    (34 since last reset)
  • The average score is 23 of 69

Answer Stats

HintAnswer% Correct
1994Nemesis
100%
2005Rita: Queen of Speed
100%
2018Wickerman
100%
2002Air
93%
1998Oblivion
93%
2013The Smiler
93%
1980Corkscrew
87%
1992Runaway Mine Train
87%
1984The Black Hole
87%
2021Gangsta Granny: The Ride
80%
1980Pirate Ship
80%
2010Th13teen
80%
1986Grand Canyon Rapids
67%
2012Nemesis: Sub Terra
67%
2004Spinball Whizzer
67%
1984Enterprise
60%
1981Log Flume
60%
1992Haunted House
53%
2008Heave Ho
53%
2015Octonauts Rollercoaster Adventure
53%
1997Ripsaw
53%
2000Hex
47%
2001Submission
47%
1987Tea Cups
47%
1990Thunder Looper
47%
2008Battle Galleons
40%
2006Charlie and the Chocolate Factory: The Ride
40%
2023The Curse at Alton Manor
40%
1984Wave Swinger
33%
1988Alton Mouse
27%
1983Dragon Rollercoaster
27%
1995Energiser
27%
1987Sky Ride
27%
1988Alton Beast
20%
2019Alton Towers Dungeon
20%
1981Around the World in 80 Days
20%
1999Frog Hopper
20%
2014Go Jetters Vroomster Zoom Ride
20%
1987Monorail
20%
1995Tractor Ride
20%
2009Sharkbait Reef
13%
19851001 Nights
7%
1993Astro Dancer
7%
1995Doodle Do Derby
7%
1984Magic Carpet
7%
1984Octopus
7%
2006Peugeot 207 Driving School
7%
1994Toyland Tours
7%
19854 Man Bob Coaster
0%
1980Alpine Bob Sled
0%
1990Canal Boat Ride
0%
1980Cine 2000
0%
1982Cine 360
0%
2000Cred Street Carousel
0%
1981Doom & Sons
0%
1985Ferris Wheel
0%
1991Gallopers Carousel
0%
1989Gravitron
0%
1982Mini Apple Coaster
0%
1997Nickelodeon: Outta Control
0%
2019Peter Rabbit Hippity Hop
0%
1983Space Boat
0%
1986Spider
0%
1996Squirrel Nutty Ride
0%
1987Swan Boats
0%
1992The New Beast
0%
1991Tri Star
0%
1984Turbo Star
0%
1983Vintage Cars
0%

Score Distribution

Percentile by Number Answered

Percent of People with Each Score

Your Score History

You have not taken this quiz since the last reset